UBT Library

Inflammation : (Record no. 40145)

000 -LEADER
fixed length control field 00752cam a2200241 a 4500
001 - CONTROL NUMBER
control field 2489207
005 - DATE AND TIME OF LATEST TRANSACTION
control field 20180111092413.0
008 - FIXED-LENGTH DATA ELEMENTS--GENERAL INFORMATION
fixed length control field 911227s1992 nyua b 000 0 eng c
010 ## - LIBRARY OF CONGRESS CONTROL NUMBER
LC control number 91045701
020 ## - INTERNATIONAL STANDARD BOOK NUMBER
International Standard Book Number 0881678805
040 ## - CATALOGING SOURCE
Original cataloging agency DNLM/DLC
Transcribing agency DLC
Modifying agency DLC
041 ## - LANGUAGE CODE
Language code of text/sound track or separate title eng
060 ## - NATIONAL LIBRARY OF MEDICINE CALL NUMBER
Classification number QZ 150 I435
080 ## - UNIVERSAL DECIMAL CLASSIFICATION NUMBER
Universal Decimal Classification number 616..0473 GAL
082 00 - DEWEY DECIMAL CLASSIFICATION NUMBER
Classification number 616..0473 GAL
Edition number 20
100 ## - Rafti
Rafti 3
101 ## - Shkurtesa
Shkurtesa SHM
245 00 - TITLE STATEMENT
Title Inflammation :
Statement of responsibility, etc editors, John I. Gallin, Ira M. Goldstein, Ralph Snyderman.
504 ## - BIBLIOGRAPHY, ETC. NOTE
Bibliography, etc Includes bibliographical references and index.
906 ## - LOCAL DATA ELEMENT F, LDF (RLIN)
a 7
b cbc
c orignew
d 1
e ocip
f 19
g y-gencatlg
942 ## - ADDED ENTRY ELEMENTS (KOHA)
Source of classification or shelving scheme
Item type Books
Holdings
Withdrawn status Lost status Source of classification or shelving scheme Damaged status Not for loan Collection code Permanent location Current location Shelving location Date acquired Total Checkouts Full call number Barcode Date last seen Price effective from Koha item type
          Koleksioni i përgjithshem UBT - Lipjan UBT - Lipjan Koleksioni i përgjithshem 01/11/2018   616..0473 GAL 002-2994919 01/11/2018 01/11/2018 Books
UBT Library © 2015-2024. All rights reserved University Education for Business and Technology